Statistics for AFC Asian Cup top 4 and host country

Click here to take the quiz!

General Stats

  • This quiz has been taken 243 times
    (73 since last reset)
  • The average score is 22 of 27

Answer Stats

Answer% Correct
Japan
100%
South Korea
100%
Qatar
98%
China
96%
Saudi Arabia
96%
United Arab Emirates
96%
India
94%
Indonesia
94%
Iran
94%
Iraq
94%
Vietnam
94%
Australia
92%
Kuwait
92%
North Korea
92%
Jordan
90%
Malaysia
88%
Israel
86%
Thailand
86%
Lebanon
82%
Uzbekistan
82%
Bahrain
78%
Singapore
76%
Taiwan
75%
Hong Kong
67%
Burma
41%
South Vietnam
37%
Khmer Republic
20%

Score Distribution

Percentile by Number Answered

Percent of People with Each Score

Your Score History

You have not taken this quiz since the last reset